LEADER 00502nam 2200181z- 450 001 9910557535703321 035 $a(CKB)5400000000044220 035 $a(EXLCZ)995400000000044220 100 $a20220406c2022uuuu -u- - 101 0 $aeng 200 10$aME/CFS : Causes, Clinical Features and Diagnosis 210 $cMDPI - Multidisciplinary Digital Publishing Institute 311 $a3-0365-2439-8 517 $aME/CFS 906 $aBOOK 912 $a9910557535703321 996 $aM?$91992160 997 $aUNINA LEADER 01231nam0 22002891i 450 001 UON00416098 005 20231205104801.275 010 $a88-8431-097-0 100 $a20130114d2003 |0itac50 ba 101 $aita 102 $aIT 105 $a|||| ||||| 200 1 $aˆIl ‰magistero di Carlo Gentile, (1920-1984)$eatti della Giornata di Studi, Foggia, Palazzo Dogana, 29 gennaio 2000$fa cura di Gaetano Cristino 210 $aFoggia$cClaudio Grenzi editore$d2003 215 $a95 p.$d24 cm. 410 1$1001UON00176409$12001 $aTerzo millennio$ecollana di studi della Provincia di Foggia$1210 $aFoggia$cC. Grenzi Editore.$v9 606 $aGENTILE CARLO$3UONC083130$2FI 620 $dFoggia$3UONL000027 676 $a366.1092$cMASSONERIA. Persone$v22 702 1$aCRISTINO$bGaetano$3UONV212552 712 $aGrenzi$3UONV260260$4650 801 $aIT$bSOL$c20250516$gRICA 899 $aSIBA - SISTEMA BIBLIOTECARIO DI ATENEO$2UONSI 912 $aUON00416098 950 $aSIBA - SISTEMA BIBLIOTECARIO DI ATENEO$dSI FS 2.0 0328 $eSI FP 17752 5 0328 $sBuono 996 $aMagistero di Carlo Gentile, (1920-1984$91338572 997 $aUNIOR